U.S. Cities by Letter - I / J (Map Quiz) - Statistics

General Stats
  • This quiz has been taken 957 times
  • The average score is 12 of 15
Answers on the Map
Answers color-coded by a green-red scale on the quiz's map according to % correct below.
 
Answer Stats
Answer % Correct
Indianapolis
98%
Idaho Falls
97%
Jacksonville
96%
Iowa City
95%
Jersey City
95%
Juneau
95%
Jefferson City
83%
Ithaca
82%
Irvine
80%
Joliet
67%
Irving
64%
Joplin
64%
Jonesboro
56%
Janesville
51%
Johnson City
50%
No matching quizzes found
Score Distribution
Percent of People with Each Score
Percentile by Number Answered
Your Score History
You have not taken this quiz